000 01055nac a22003137a 4500
001 BR9802768
003 BR-BrBNA
005 20240105122029.0
008 230509b bl.|||m| |||| 00| 0 por d
040 _aBR-BrBNA
_bpor
_cBiblioteca Nacional de Agricultura
072 _aF30
090 _a0120 BR9802768
100 1 _aMarques, H.S.
100 1 _aCarvalho, B.C.L. de
100 1 _aCarvalho, H.W.L. de
110 1 _aEmpresa Baiana de Desenvolvimento Agricola S.A., Salvador (Brasil)
245 1 _aRecomendacoes de variedades e hibridos de milho para a regiao nordeste do Estado da Bahia - ensaios realizados no periodo de 1990 a 1996
260 3 _aSalvador, BA (Brasil):
_c1997.
300 _a11 p.
490 _aComunicado Tecnico - Empresa Baiana de Desenvolvimento Agricola S.A. (Brazil)
_vno. 16
_x
650 _aMilho
650 _aHibrido
650 _aVariedade
650 _aRendimento
650 _aCaracteristicas Agronomicas
650 _aBahia
909 _a202312
_bLúcia Elande
_c55
_dLúcia Elande
942 _2AGRIS
_n0
_cMS
999 _c288822
_d288822